[Event "Bundesliga 9900"]
[Site "Deutschland"]
[Date "2000.02.20"]
[Round "11.5"]
[White "Heinemann, Thies"]
[Black "Poldauf, Dirk"]
[Result "1/2-1/2"]
[WhiteElo "2479"]
[BlackElo "2459"]
[PlyCount "127"]
[EventDate "1999.10.09"]
[EventType "team"]
[EventRounds "15"]
[EventCountry "GER"]
[SourceTitle "Bundesliga 9900"]
[Source "DeepChess"]
[SourceDate "2005.01.01"]
[SourceVersion "1"]
[SourceVersionDate "2005.01.01"]
[SourceQuality "1"]
[WhiteTeam "Hamburger SK 1830 e.V."]
[BlackTeam "SF Neukoelln 03 e.V."]
[WhiteTeamCountry "GER"]
[BlackTeamCountry "GER"]

1. e4 e6 2. d4 d5 3. Nd2 Nf6 4. e5 Nfd7 5. Bd3 c5 6. c3 Nc6 7. Ne2 cxd4 8. cxd4
f6 9. exf6 Nxf6 10. Nf3 Bd6 11. O-O Qc7 12. g3 O-O 13. Bf4 Bxf4 14. Nxf4 Qb6
15. b3 Kh8 16. Bc2 Bd7 17. Rc1 Rae8 18. Bb1 e5 19. Nxe5 Nxe5 20. dxe5 Rxe5 21.
Qc2 Bc6 22. Qc5 Qxc5 23. Rxc5 g5 24. Nd3 Re2 25. Nb4 Ng4 26. Rc2 Bb5 27. Rxe2
Bxe2 28. Re1 Bf3 29. h3 Nf6 30. Nc2 Be4 31. Nd4 Bxb1 32. Rxb1 Ne4 33. Rb2 Rc8
34. Kg2 Rc1 35. Nf5 h5 36. Re2 b5 37. Ne3 Nc3 38. Rd2 Ra1 39. Nxd5 Rxa2 40. Rd4
Ne2 41. Re4 Nc1 42. Nc3 Rb2 43. Nxb5 Nd3 44. Nd4 Nxf2 45. Re2 Rxe2 46. Nxe2 Ne4
47. Nd4 a6 48. Nc6 Nc5 49. b4 Nd7 50. Kf3 Kg7 51. Ke4 Kf6 52. Kd5 Nb6+ 53. Kc5
Nd7+ 54. Kd6 Nb6 55. Kc5 Nd7+ 56. Kd5 Nb6+ 57. Ke4 Nd7 58. Nd4 Ne5 59. Kd5 Nd3
60. Nc6 Kf5 61. Kd4 Nf2 62. Nb8 Nxh3 63. Nxa6 h4 64. gxh4 1/2-1/2

[Event "Bundesliga 9900"]
[Site "Deutschland"]
[Date "2000.02.20"]
[Round "11.6"]
[White "Hellsten, Johan"]
[Black "Hansen, Sune Berg"]
[Result "1/2-1/2"]
[WhiteElo "2464"]
[BlackElo "2551"]
[PlyCount "65"]
[EventDate "1999.10.09"]
[EventType "team"]
[EventRounds "15"]
[EventCountry "GER"]
[SourceTitle "Bundesliga 9900"]
[Source "DeepChess"]
[SourceDate "2005.01.01"]
[SourceVersion "1"]
[SourceVersionDate "2005.01.01"]
[SourceQuality "1"]
[WhiteTeam "SF Neukoelln 03 e.V."]
[BlackTeam "Hamburger SK 1830 e.V."]
[WhiteTeamCountry "GER"]
[BlackTeamCountry "GER"]

1. d4 Nf6 2. c4 e6 3. Nf3 b6 4. g3 Ba6 5. Nbd2 Bb4 6. Qc2 Bb7 7. Bg2 Be4 8. Qd1
O-O 9. O-O Bxd2 10. Qxd2 a5 11. b3 d6 12. Bb2 Nbd7 13. Rfe1 a4 14. Bf1 h6 15.
Qc3 Bb7 16. Nd2 c5 17. e4 cxd4 18. Qxd4 Nc5 19. Bg2 axb3 20. axb3 Qc7 21. b4
Ncd7 22. h3 Rfc8 23. Rxa8 Rxa8 24. Ra1 Rxa1+ 25. Bxa1 Ba6 26. Qc3 Kf8 27. Qc2
e5 28. Qa2 Qc8 29. Bb2 Ke7 30. Bf1 Bb7 31. Bg2 Ba6 32. Bf1 Bb7 33. Bg2 1/2-1/2

[Event "Bundesliga 9900"]
[Site "Deutschland"]
[Date "2000.02.20"]
[Round "11.7"]
[White "Wilhelmi, Christian"]
[Black "Polzin, Rainer"]
[Result "1-0"]
[WhiteElo "2423"]
[BlackElo "2464"]
[PlyCount "125"]
[EventDate "1999.10.09"]
[EventType "team"]
[EventRounds "15"]
[EventCountry "GER"]
[SourceTitle "Bundesliga 9900"]
[Source "DeepChess"]
[SourceDate "2005.01.01"]
[SourceVersion "1"]
[SourceVersionDate "2005.01.01"]
[SourceQuality "1"]
[WhiteTeam "Hamburger SK 1830 e.V."]
[BlackTeam "SF Neukoelln 03 e.V."]
[WhiteTeamCountry "GER"]
[BlackTeamCountry "GER"]

1. c4 g6 2. g3 Bg7 3. Bg2 d6 4. Nc3 Nf6 5. d4 O-O 6. Nf3 Nbd7 7. O-O e5 8. e4
exd4 9. Nxd4 Re8 10. h3 a6 11. Rb1 Rb8 12. b3 Nc5 13. Re1 Bd7 14. b4 Ne6 15.
Nb3 b5 16. c5 dxc5 17. bxc5 b4 18. Nd5 Ba4 19. Be3 Nd7 20. Qc1 c6 21. Nf4 Bxb3
22. Rxb3 a5 23. Rd3 Qc8 24. Nxe6 Rxe6 25. f4 Nf8 26. Qc4 Qb7 27. e5 Ree8 28.
Rd6 Rec8 29. Qb3 Qb5 30. Bf1 a4 31. Qb2 Qa5 32. Rc1 b3 33. a3 Rc7 34. Bc4 Re8
35. Kh2 Qa7 36. Qg2 Qb7 37. h4 Ne6 38. h5 Bf8 39. Rb1 Bxd6 40. cxd6 Rd7 41. Rd1
Rdd8 42. g4 b2 43. Rb1 Rb8 44. f5 Nf8 45. Bd4 Qd7 46. Rxb2 Rxb2 47. Bxb2 Qa7
48. Qg1 c5 49. Bc3 Qb6 50. Qd1 Qc6 51. Qd5 Qxd5 52. Bxd5 Rd8 53. e6 fxe6 54.
fxe6 Nxe6 55. Bxe6+ Kf8 56. Be5 Ra8 57. Bf6 c4 58. Bxc4 Ke8 59. Bb5+ Kf7 60.
Bh4 gxh5 61. d7 hxg4 62. d8=Q Rxd8 63. Bxd8 1-0

[Event "Bundesliga 9900"]
[Site "Deutschland"]
[Date "2000.02.20"]
[Round "11.8"]
[White "Thiede, Lars"]
[Black "Reeh, Oliver"]
[Result "0-1"]
[WhiteElo "2390"]
[BlackElo "2399"]
[PlyCount "104"]
[EventDate "1999.10.09"]
[EventType "team"]
[EventRounds "15"]
[EventCountry "GER"]
[SourceTitle "Bundesliga 9900"]
[Source "DeepChess"]
[SourceDate "2005.01.01"]
[SourceVersion "1"]
[SourceVersionDate "2005.01.01"]
[SourceQuality "1"]
[WhiteTeam "SF Neukoelln 03 e.V."]
[BlackTeam "Hamburger SK 1830 e.V."]
[WhiteTeamCountry "GER"]
[BlackTeamCountry "GER"]

1. g3 c5 2. c4 g6 3. Bg2 Bg7 4. Nc3 Nc6 5. a3 b6 6. e3 Bxc3 7. bxc3 Bb7 8. Ne2
d6 9. d3 Qd7 10. Nf4 e6 11. h4 O-O-O 12. e4 Kb8 13. O-O Nge7 14. Bh3 Qc7 15.
Qe2 Bc8 16. Re1 h6 17. Bg2 g5 18. hxg5 hxg5 19. Nd5 exd5 20. exd5 Ne5 21. d4 f6
22. dxe5 dxe5 23. a4 a5 24. Rb1 Ka7 25. Bxg5 fxg5 26. Qxe5 Qxe5 27. Rxe5 Nf5
28. Be4 Nd6 29. Bd3 g4 30. Rbe1 Rde8 31. Re7+ Kb8 32. Kg2 Rxe7 33. Rxe7 Rf8 34.
Rg7 Rf7 35. Rg6 Kc7 36. Be2 Bf5 37. Rh6 Bd7 38. Kg1 Rg7 39. Rh4 Ne4 40. Bd3 Nd6
41. Be2 Bxa4 42. Bxg4 Bb3 43. Be2 a4 44. Kg2 a3 45. Rh1 a2 46. Ra1 Nxc4 47. Bd1
Bxd1 48. Rxa2 Kd6 49. Ra8 Kxd5 50. f3 b5 51. Kf2 Nd6 52. g4 Rf7 0-1

[Event "Bundesliga 9900"]
[Site "Deutschland"]
[Date "2000.02.20"]
[Round "11.4"]
[White "Baklan, Vladimir"]
[Black "Nunn, John DM"]
[Result "1/2-1/2"]
[WhiteElo "2571"]
[BlackElo "2601"]
[PlyCount "59"]
[EventDate "1999.10.09"]
[EventType "team"]
[EventRounds "15"]
[EventCountry "GER"]
[SourceTitle "Bundesliga 9900"]
[Source "DeepChess"]
[SourceDate "2005.01.01"]
[SourceVersion "1"]
[SourceVersionDate "2005.01.01"]
[SourceQuality "1"]
[WhiteTeam "USC Magdeburg"]
[BlackTeam "Luebecker SV von 1873 "]
[WhiteTeamCountry "GER"]
[BlackTeamCountry "GER"]

1. e4 c5 2. Nf3 e6 3. c3 d5 4. exd5 exd5 5. d4 Nc6 6. Bb5 Bd6 7. dxc5 Bxc5 8.
O-O Nge7 9. Nbd2 O-O 10. Nb3 Bd6 11. Bd3 Qc7 12. h3 Ne5 13. Nxe5 Bxe5 14. Re1
Nc6 15. Qh5 g6 16. Qh4 Be6 17. Bh6 Rfe8 18. Bg5 Bg7 19. Bf6 Bxf6 20. Qxf6 Qe7
21. Qf4 Rad8 22. Rad1 d4 23. cxd4 Qb4 24. Bc2 a5 25. Qd2 Bd5 26. Re3 b6 27.
Qxb4 Nxb4 28. Bb1 Re6 29. Rc1 Red6 30. a3 1/2-1/2

[Event "Bundesliga 9900"]
[Site "Deutschland"]
[Date "2000.02.20"]
[Round "11.5"]
[White "Hansen, Lars Bo"]
[Black "Georgiev, Vladimir"]
[Result "1/2-1/2"]
[WhiteElo "2569"]
[BlackElo "2538"]
[PlyCount "68"]
[EventDate "1999.10.09"]
[EventType "team"]
[EventRounds "15"]
[EventCountry "GER"]
[SourceTitle "Bundesliga 9900"]
[Source "DeepChess"]
[SourceDate "2005.01.01"]
[SourceVersion "1"]
[SourceVersionDate "2005.01.01"]
[SourceQuality "1"]
[WhiteTeam "Luebecker SV von 1873 "]
[BlackTeam "USC Magdeburg"]
[WhiteTeamCountry "GER"]
[BlackTeamCountry "GER"]

1. d4 Nf6 2. Nf3 d6 3. c4 g6 4. g3 Bg7 5. Bg2 O-O 6. O-O c6 7. Nc3 Qa5 8. e4 e5
9. h3 Nbd7 10. Be3 Nb6 11. dxe5 dxe5 12. Nd2 Be6 13. Nb3 Qb4 14. Bc5 Qxc4 15.
Bxf8 Bxf8 16. Qc2 a5 17. Nc1 Bc5 18. b3 Qa6 19. Nd3 Bd4 20. Rad1 Nbd7 21. Kh2
Nh5 22. Ne2 Bb6 23. f4 Ng7 24. Nb2 Nc5 25. Nc3 exf4 26. gxf4 Bc7 27. Qf2 Qb6
28. Nd3 Nxd3 29. Qxb6 Bxb6 30. Rxd3 Bc7 31. Kg1 f6 32. Rff3 Re8 33. Bf1 Bc8 34.
Rd1 Kf8 1/2-1/2

[Event "Bundesliga 9900"]
[Site "Deutschland"]
[Date "2000.02.20"]
[Round "11.6"]
[White "Proehl, Holger"]
[Black "Hector, Jonny"]
[Result "0-1"]
[WhiteElo "2389"]
[BlackElo "2515"]
[PlyCount "68"]
[EventDate "1999.10.09"]
[EventType "team"]
[EventRounds "15"]
[EventCountry "GER"]
[SourceTitle "Bundesliga 9900"]
[Source "DeepChess"]
[SourceDate "2005.01.01"]
[SourceVersion "1"]
[SourceVersionDate "2005.01.01"]
[SourceQuality "1"]
[WhiteTeam "USC Magdeburg"]
[BlackTeam "Luebecker SV von 1873 "]
[WhiteTeamCountry "GER"]
[BlackTeamCountry "GER"]

1. e4 e5 2. Nc3 Nc6 3. g3 h5 4. h3 Bc5 5. Bg2 d6 6. Nge2 Be6 7. Nd5 f5 8. d3
Qd7 9. c3 fxe4 10. dxe4 Nf6 11. Bg5 Rf8 12. Bxf6 gxf6 13. Nc1 O-O-O 14. Nd3 Bb6
15. Qxh5 f5 16. Qe2 fxe4 17. Bxe4 Qf7 18. Nxb6+ axb6 19. b3 d5 20. Bg2 e4 21.
Nf4 Qg7 22. O-O-O Rxf4 23. gxf4 Qxc3+ 24. Kb1 Rg8 25. f5 Bf7 26. f3 Bh5 27.
Rxd5 Kb8 28. Rc1 exf3 29. Qe6 Qh8 30. Bf1 Re8 31. Qd7 Re7 32. Qxe7 Nxe7 33. Rd7
Nc6 34. Bb5 Qe5 0-1

[Event "Bundesliga 9900"]
[Site "Deutschland"]
[Date "2000.02.20"]
[Round "11.7"]
[White "Mortensen, Erling"]
[Black "Stolz, Mike"]
[Result "0-1"]
[WhiteElo "2447"]
[BlackElo "2308"]
[PlyCount "90"]
[EventDate "1999.10.09"]
[EventType "team"]
[EventRounds "15"]
[EventCountry "GER"]
[SourceTitle "Bundesliga 9900"]
[Source "DeepChess"]
[SourceDate "2005.01.01"]
[SourceVersion "1"]
[SourceVersionDate "2005.01.01"]
[SourceQuality "1"]
[WhiteTeam "Luebecker SV von 1873 "]
[BlackTeam "USC Magdeburg"]
[WhiteTeamCountry "GER"]
[BlackTeamCountry "GER"]

1. e4 e6 2. Nf3 d5 3. Nc3 Nf6 4. e5 Nfd7 5. d4 c5 6. Bb5 Nc6 7. dxc5 Bxc5 8.
O-O a6 9. Bxc6 bxc6 10. Na4 Ba7 11. c4 O-O 12. Re1 f6 13. exf6 Qxf6 14. Be3 Bb8
15. Rc1 Qg6 16. Kh1 Bb7 17. Nc5 Nxc5 18. Bxc5 Rf5 19. Qe2 Bf4 20. Be3 c5 21.
Bxf4 Rxf4 22. Ne5 Qf5 23. f3 d4 24. Qc2 Qg5 25. Rcd1 Raf8 26. Rd2 Rh4 27. Rf2
Qg3 28. h3 Rf5 29. Qe2 Rfh5 30. Ng4 Qxg4 31. Qxe6+ Qxe6 32. Rxe6 Rf4 33. Rb6
Rf7 34. Re2 Kf8 35. Rd6 g6 36. Rd8+ Kg7 37. Ree8 Rhf5 38. Kg1 Rc7 39. b3 Rff7
40. Rg8+ Kh6 41. Kh2 Rfd7 42. h4 Rxd8 43. Rxd8 Kg7 44. Kg3 Bc6 45. Rd6 Rd7 0-1

[Event "Bundesliga 9900"]
[Site "Deutschland"]
[Date "2000.02.20"]
[Round "11.8"]
[White "Markgraf, Alexander"]
[Black "Cladouras, Panagiotis"]
[Result "1-0"]
[WhiteElo "2276"]
[BlackElo "2339"]
[PlyCount "99"]
[EventDate "1999.10.09"]
[EventType "team"]
[EventRounds "15"]
[EventCountry "GER"]
[SourceTitle "Bundesliga 9900"]
[Source "DeepChess"]
[SourceDate "2005.01.01"]
[SourceVersion "1"]
[SourceVersionDate "2005.01.01"]
[SourceQuality "1"]
[WhiteTeam "USC Magdeburg"]
[BlackTeam "Luebecker SV von 1873 "]
[WhiteTeamCountry "GER"]
[BlackTeamCountry "GER"]

1. e4 e5 2. Nf3 Nc6 3. Bc4 Nf6 4. Ng5 d5 5. exd5 Na5 6. Bb5+ c6 7. dxc6 bxc6 8.
Qf3 Bb7 9. Ba4 Qd4 10. Nc3 Be7 11. O-O O-O 12. d3 Nd5 13. Qe4 Qxe4 14. Ngxe4
Nb6 15. Be3 f5 16. Nc5 Bc8 17. f3 Nxa4 18. N3xa4 Rd8 19. Rad1 Bf6 20. c3 Nb7
21. Nxb7 Bxb7 22. Nc5 Bc8 23. f4 exf4 24. Bxf4 Be7 25. Nb3 Ba6 26. Rfe1 Bf8 27.
d4 Bc4 28. Nd2 Bf7 29. a3 a5 30. Nf3 Bb3 31. Rd2 h6 32. Ne5 Rac8 33. Nd3 Bc4
34. Be5 a4 35. Rf1 g6 36. Rf4 h5 37. Rf3 Re8 38. Bf4 Kh7 39. Ne5 Bd5 40. Rg3
Re6 41. c4 Be4 42. Nf7 Be7 43. d5 cxd5 44. cxd5 Rf6 45. Ng5+ Kg8 46. d6 Bd8 47.
Rc3 Rxc3 48. bxc3 Bc6 49. c4 Rf8 50. d7 1-0

[Event "Bundesliga 9900"]
[Site "Deutschland"]
[Date "2000.02.20"]
[Round "11.1"]
[White "Epishin, Vladimir"]
[Black "Schlosser, Philipp"]
[Result "1/2-1/2"]
[WhiteElo "2667"]
[BlackElo "2505"]
[PlyCount "38"]
[EventDate "1999.10.09"]
[EventType "team"]
[EventRounds "15"]
[EventCountry "GER"]
[SourceTitle "Bundesliga 9900"]
[Source "DeepChess"]
[SourceDate "2005.01.01"]
[SourceVersion "1"]
[SourceVersionDate "2005.01.01"]
[SourceQuality "1"]
[WhiteTeam "PSV Turm Duisburg 1920 e.V."]
[BlackTeam "SK Passau 1869"]
[WhiteTeamCountry "GER"]
[BlackTeamCountry "GER"]

1. d4 Nf6 2. c4 e6 3. Nf3 d5 4. Nc3 dxc4 5. e4 Bb4 6. Bg5 c5 7. Bxc4 cxd4 8.
Nxd4 Bxc3+ 9. bxc3 Qa5 10. Bb5+ Nbd7 11. Bxf6 Qxc3+ 12. Kf1 gxf6 13. h4 a6 14.
Be2 Nc5 15. Rh3 Qa5 16. Qc2 b6 17. Nb3 Nxb3 18. Rxb3 Bb7 19. f3 Qe5 1/2-1/2

[Event "Bundesliga 9900"]
[Site "Deutschland"]
[Date "2000.02.20"]
[Round "11.2"]
[White "Ribli, Zoltan"]
[Black "Sax, Gyula"]
[Result "1/2-1/2"]
[WhiteElo "2569"]
[BlackElo "2609"]
[PlyCount "38"]
[EventDate "1999.10.09"]
[EventType "team"]
[EventRounds "15"]
[EventCountry "GER"]
[SourceTitle "Bundesliga 9900"]
[Source "DeepChess"]
[SourceDate "2005.01.01"]
[SourceVersion "1"]
[SourceVersionDate "2005.01.01"]
[SourceQuality "1"]
[WhiteTeam "SK Passau 1869"]
[BlackTeam "PSV Turm Duisburg 1920 e.V."]
[WhiteTeamCountry "GER"]
[BlackTeamCountry "GER"]

1. d4 Nf6 2. c4 e6 3. Nf3 b6 4. g3 Ba6 5. b3 Bb4+ 6. Bd2 Be7 7. Bg2 c6 8. Bc3
d5 9. Nbd2 Nbd7 10. O-O O-O 11. Re1 Bb7 12. e4 Nxe4 13. Nxe4 dxe4 14. Rxe4 c5
15. Re1 Bf6 16. Ne5 Bxg2 17. Kxg2 cxd4 18. Bxd4 Nxe5 19. Bxe5 Bxe5 1/2-1/2

[Event "Bundesliga 9900"]
[Site "Deutschland"]
[Date "2000.02.20"]
[Round "11.4"]
[White "Enders, Peter"]
[Black "Kraut, Rainer"]
[Result "1/2-1/2"]
[WhiteElo "2478"]
[BlackElo "2453"]
[PlyCount "53"]
[EventDate "1999.10.09"]
[EventType "team"]
[EventRounds "15"]
[EventCountry "GER"]
[SourceTitle "Bundesliga 9900"]
[Source "DeepChess"]
[SourceDate "2005.01.01"]
[SourceVersion "1"]
[SourceVersionDate "2005.01.01"]
[SourceQuality "1"]
[WhiteTeam "SK Passau 1869"]
[BlackTeam "PSV Turm Duisburg 1920 e.V."]
[WhiteTeamCountry "GER"]
[BlackTeamCountry "GER"]

1. e4 c5 2. Nf3 d6 3. d4 cxd4 4. Nxd4 Nf6 5. Nc3 Nc6 6. Bg5 e6 7. Qd2 a6 8.
O-O-O Bd7 9. f4 b5 10. Nf3 b4 11. Bxf6 Qxf6 12. Ne2 Qd8 13. Ned4 Nxd4 14. Qxd4
Qc7 15. Kb1 a5 16. Be2 Qa7 17. f5 Qxd4 18. Nxd4 e5 19. Nb5 Bxb5 20. Bxb5+ Ke7
21. Rhf1 Kf6 22. g4 h5 23. gxh5 Rxh5 24. Rf2 Be7 25. Bf1 Rh4 26. h3 Rc8 27. Bg2
1/2-1/2

[Event "Bundesliga 9900"]
[Site "Deutschland"]
[Date "2000.02.20"]
[Round "11.5"]
[White "Machelett, Heiko"]
[Black "Stangl, Markus"]
[Result "1/2-1/2"]
[WhiteElo "2387"]
[BlackElo "2488"]
[PlyCount "53"]
[EventDate "1999.10.09"]
[EventType "team"]
[EventRounds "15"]
[EventCountry "GER"]
[SourceTitle "Bundesliga 9900"]
[Source "DeepChess"]
[SourceDate "2005.01.01"]
[SourceVersion "1"]
[SourceVersionDate "2005.01.01"]
[SourceQuality "1"]
[WhiteTeam "PSV Turm Duisburg 1920 e.V."]
[BlackTeam "SK Passau 1869"]
[WhiteTeamCountry "GER"]
[BlackTeamCountry "GER"]

1. d4 Nf6 2. c4 d6 3. Nc3 Nbd7 4. e4 e5 5. Nf3 Be7 6. Be2 O-O 7. O-O c6 8. Qc2
Qc7 9. Rd1 a6 10. Bg5 b6 11. Rac1 Bb7 12. b4 Rfe8 13. d5 cxd5 14. cxd5 Rac8 15.
Qb2 Qb8 16. Be3 Ng4 17. Bd2 b5 18. h3 Ngf6 19. Be3 Bd8 20. Nd2 Bb6 21. Bxb6
Nxb6 22. Rc2 g6 23. Rdc1 Qa7 24. Qa3 Qb8 25. Qa5 Nfd7 26. Bg4 h5 27. Bxd7
1/2-1/2

[Event "Bundesliga 9900"]
[Site "Deutschland"]
[Date "2000.02.20"]
[Round "11.8"]
[White "Pichler, Juergen"]
[Black "Kummerow, Heiko"]
[Result "1-0"]
[WhiteElo "2412"]
[BlackElo "2326"]
[PlyCount "75"]
[EventDate "1999.10.09"]
[EventType "team"]
[EventRounds "15"]
[EventCountry "GER"]
[SourceTitle "Bundesliga 9900"]
[Source "DeepChess"]
[SourceDate "2005.01.01"]
[SourceVersion "1"]
[SourceVersionDate "2005.01.01"]
[SourceQuality "1"]
[WhiteTeam "SK Passau 1869"]
[BlackTeam "PSV Turm Duisburg 1920 e.V."]
[WhiteTeamCountry "GER"]
[BlackTeamCountry "GER"]

1. d4 Nf6 2. c4 c5 3. d5 b5 4. cxb5 a6 5. b6 e6 6. Nc3 Bb7 7. e4 exd5 8. exd5
d6 9. a4 a5 10. Nf3 Be7 11. Bc4 O-O 12. O-O Nbd7 13. Re1 Nxb6 14. b3 Ne8 15.
Ra2 Nc7 16. Bf4 g5 17. Rae2 Bf6 18. Bxg5 Bxg5 19. Nxg5 Qxg5 20. Re3 Nxc4 21.
Rg3 Qxg3 22. hxg3 Ne5 23. Ne4 Rad8 24. Nf6+ Kg7 25. Nh5+ Kh8 26. f4 Nd7 27.
Qa1+ f6 28. Re6 Nxd5 29. Rxd6 Ne3 30. Nxf6 Nc2 31. Qb2 Nd4 32. Rxd7 Rxd7 33.
Nxd7 Rd8 34. Nxc5 Bc8 35. b4 Kg8 36. bxa5 Bg4 37. a6 Ne2+ 38. Kf2 1-0

[Event "Bundesliga 9900"]
[Site "Deutschland"]
[Date "2000.02.20"]
[Round "11.4"]
[White "Teske, Henrik"]
[Black "Vaganian, Rafael A"]
[Result "1/2-1/2"]
[WhiteElo "2479"]
[BlackElo "2618"]
[PlyCount "95"]
[EventDate "1999.10.09"]
[EventType "team"]
[EventRounds "15"]
[EventCountry "GER"]
[SourceTitle "Bundesliga 9900"]
[Source "DeepChess"]
[SourceDate "2005.01.01"]
[SourceVersion "1"]
[SourceVersionDate "2005.01.01"]
[SourceQuality "1"]
[WhiteTeam "TV Tegernsee"]
[BlackTeam "SG Porz e.V."]
[WhiteTeamCountry "GER"]
[BlackTeamCountry "GER"]

1. e4 Nf6 2. Nc3 d5 3. exd5 Nxd5 4. Nf3 g6 5. d4 Bg7 6. Nxd5 Qxd5 7. Be3 O-O 8.
c3 b6 9. Qb3 Qd6 10. g3 Nc6 11. Bg2 Na5 12. Qc2 Nc4 13. Bf4 Qe6+ 14. Kf1 Nd6
15. Kg1 Bb7 16. Ng5 Qd7 17. h4 Bxg2 18. Kxg2 Qc6+ 19. f3 Bxd4 20. h5 Nf5 21.
Qe4 Ne3+ 22. Kh3 Qd7+ 23. g4 f5 24. Qe6+ Qxe6 25. Nxe6 fxg4+ 26. fxg4 Rf6 27.
cxd4 Rxe6 28. hxg6 hxg6 29. Bxc7 Re4 30. Rae1 Rf8 31. Rhg1 Rf7 32. Be5 g5 33.
Rc1 Rf3+ 34. Rg3 Rf2 35. Rc8+ Kf7 36. Rc3 Nd5 37. Rcf3+ Rxf3 38. Rxf3+ Ke6 39.
Rf5 Re3+ 40. Kg2 Re2+ 41. Kf3 Rxb2 42. Rxg5 Rxa2 43. Rg6+ Nf6 44. Bxf6 exf6 45.
g5 Kf5 46. Rxf6+ Kxg5 47. Rf8 b5 48. Rb8 1/2-1/2

[Event "Bundesliga 9900"]
[Site "Deutschland"]
[Date "2000.02.20"]
[Round "11.5"]
[White "Hansen, Curt"]
[Black "Schmittdiel, Eckhard"]
[Result "1/2-1/2"]
[WhiteElo "2618"]
[BlackElo "2490"]
[PlyCount "33"]
[EventDate "1999.10.09"]
[EventType "team"]
[EventRounds "15"]
[EventCountry "GER"]
[SourceTitle "Bundesliga 9900"]
[Source "DeepChess"]
[SourceDate "2005.01.01"]
[SourceVersion "1"]
[SourceVersionDate "2005.01.01"]
[SourceQuality "1"]
[WhiteTeam "SG Porz e.V."]
[BlackTeam "TV Tegernsee"]
[WhiteTeamCountry "GER"]
[BlackTeamCountry "GER"]

1. c4 c5 2. Nf3 e6 3. Nc3 Nf6 4. d4 cxd4 5. Nxd4 Nc6 6. g3 Bc5 7. Nb3 Bb4 8.
Bg2 d5 9. cxd5 Nxd5 10. O-O Nxc3 11. bxc3 Bxc3 12. Rb1 O-O 13. Be3 e5 14. Bc5
Re8 15. Qxd8 Rxd8 16. Rfc1 Bd2 17. Nxd2 1/2-1/2

[Event "Bundesliga 9900"]
[Site "Deutschland"]
[Date "2000.02.20"]
[Round "11.6"]
[White "Pezerovic, Edin"]
[Black "Vogt, Lothar"]
[Result "1/2-1/2"]
[WhiteElo "2436"]
[BlackElo "2466"]
[PlyCount "127"]
[EventDate "1999.10.09"]
[EventType "team"]
[EventRounds "15"]
[EventCountry "GER"]
[SourceTitle "Bundesliga 9900"]
[Source "DeepChess"]
[SourceDate "2005.01.01"]
[SourceVersion "1"]
[SourceVersionDate "2005.01.01"]
[SourceQuality "1"]
[WhiteTeam "TV Tegernsee"]
[BlackTeam "SG Porz e.V."]
[WhiteTeamCountry "GER"]
[BlackTeamCountry "GER"]

1. Nf3 c5 2. c3 g6 3. d4 cxd4 4. cxd4 Bg7 5. Nc3 d5 6. Bf4 Nc6 7. e3 a6 8. Bd3
e6 9. O-O Nf6 10. Qb3 b5 11. Rac1 Bd7 12. Ne5 Nxe5 13. Bxe5 O-O 14. Ne2 Qb6 15.
Rc2 Rfc8 16. Rfc1 Ne8 17. Rxc8 Rxc8 18. Rxc8 Bxc8 19. Qc2 Bd7 20. Bxg7 Kxg7 21.
b4 Kf6 22. Nc1 Qc6 23. Qxc6 Bxc6 24. f4 Ke7 25. Nb3 f6 26. Nc5 Nc7 27. Kf2 Bd7
28. Kf3 Bc8 29. g4 Kd6 30. Kg3 e5 31. fxe5+ fxe5 32. Kh4 e4 33. Be2 h6 34. g5
h5 35. Kg3 Ne8 36. Kf4 Ng7 37. Bf1 Ne8 38. a4 bxa4 39. Nxa4 Nc7 40. Nc5 Nb5 41.
Bxb5 axb5 42. Nb3 Be6 43. Nd2 Bh3 44. Nb3 Be6 45. Kg3 Bd7 46. Na5 Bc8 47. Kf4
Ba6 48. Nb3 Bc8 49. Nc1 Bg4 50. Na2 Bd7 51. Nc3 Ke6 52. Ne2 Be8 53. Kg3 Kd6 54.
Nf4 Bf7 55. Ng2 Be8 56. Nf4 Bf7 57. Ne2 Be8 58. h4 Bd7 59. Nc1 Bc8 60. Nb3 Bd7
61. Nc5 Bc8 62. Kf4 Bf5 63. Nb7+ Kc7 64. Na5 1/2-1/2

[Event "Bundesliga 9900"]
[Site "Deutschland"]
[Date "2000.02.20"]
[Round "11.8"]
[White "Bromberger, Stefan"]
[Black "Van den Doel, Erik"]
[Result "0-1"]
[WhiteElo "2319"]
[BlackElo "2522"]
[PlyCount "46"]
[EventDate "1999.10.09"]
[EventType "team"]
[EventRounds "15"]
[EventCountry "GER"]
[SourceTitle "Bundesliga 9900"]
[Source "DeepChess"]
[SourceDate "2005.01.01"]
[SourceVersion "1"]
[SourceVersionDate "2005.01.01"]
[SourceQuality "1"]
[WhiteTeam "TV Tegernsee"]
[BlackTeam "SG Porz e.V."]
[WhiteTeamCountry "GER"]
[BlackTeamCountry "GER"]

1. d4 Nf6 2. c4 e6 3. Nc3 Bb4 4. Qc2 d5 5. a3 Bxc3+ 6. Qxc3 Ne4 7. Qc2 c5 8.
dxc5 Nc6 9. cxd5 exd5 10. e3 Bf5 11. Bd3 Qg5 12. f3 Qh4+ 13. Kf1 Ng3+ 14. hxg3
Bxd3+ 15. Qxd3 Qxh1 16. Qb5 O-O-O 17. b4 d4 18. e4 f5 19. exf5 Rhe8 20. Bg5 d3
21. Kf2 Re2+ 22. Nxe2 Qxa1 23. Bxd8 d2 0-1

[Event "Bundesliga 9900"]
[Site "Deutschland"]
[Date "2000.02.20"]
[Round "11.1"]
[White "Nielsen, Peter Heine"]
[Black "Rozentalis, Eduardas"]
[Result "1/2-1/2"]
[WhiteElo "2564"]
[BlackElo "2553"]
[PlyCount "36"]
[EventDate "1999.10.09"]
[EventType "team"]
[EventRounds "15"]
[EventCountry "GER"]
[SourceTitle "Bundesliga 9900"]
[Source "DeepChess"]
[SourceDate "2005.01.01"]
[SourceVersion "1"]
[SourceVersionDate "2005.01.01"]
[SourceQuality "1"]
[WhiteTeam "SV Wattenscheid 1930"]
[BlackTeam "SV Castrop Rauxel 1923"]
[WhiteTeamCountry "GER"]
[BlackTeamCountry "GER"]

1. d4 Nf6 2. c4 e6 3. Nc3 Bb4 4. Qc2 O-O 5. a3 Bxc3+ 6. Qxc3 b6 7. Bg5 Ba6 8.
e3 d6 9. Bd3 Nbd7 10. Ne2 Rc8 11. Qc2 h6 12. Bh4 c5 13. Qa4 Bb7 14. O-O Qc7 15.
Rfc1 cxd4 16. exd4 Be4 17. Bxe4 Nxe4 18. Nc3 Nxc3 1/2-1/2